00480nam a22001457a 450000500170000001000140001702000110003103500130004203700130005524500820006826000410015027001000019130000220029170000210031320100723124427.0 aENG-96541 c699.00 aEN-80074 bDBAD/PUB aInternational journal of mind, brain & cognition /cedited by Probal Dasgupta aNew DelhibBharti Publicationsc2010 a1749A/5, 1st floor, Gopindpuri Extention, P. O. Box. 4453, Kalkaji, New Delhi-110019bNew Delhi a123p.c21cm (pbk) aDasgupta, Probal